[Event "TCh-RUS HL 2019"]
[Site "Sochi RUS"]
[Date "2019.05.05"]
[Round "5.1"]
[Board "2"]
[White "Oganian, Miran"]
[Black "Potapov, Pavel"]
[Result "1/2-1/2"]
[WhiteTitle "IM"]
[BlackTitle "GM"]
[WhiteElo "2415"]
[BlackElo "2492"]
[WhiteTeam "Sochi (Krasnodar Territory)"]
[BlackTeam "Yamal (YaNAO)"]
[WhiteFideId "4122488"]
[BlackFideId "4169786"]
[EventDate "2019.05.01"]

1. d4 f5 2. Nc3 Nf6 3. Bg5 d5 4. e3 e6 5. Nf3 Be7 6. Bd3 O-O 7. O-O Ne4 8. Bxe7
Qxe7 9. Ne2 c5 10. b3 Nc6 11. c4 dxc4 12. Bxc4 Kh8 13. Bd3 b6 14. Bxe4 fxe4 15.
Nd2 Ba6 16. Nxe4 Rad8 17. Re1 Nb4 18. N2c3 Nc6 19. Qg4 cxd4 20. exd4 Rxd4 21.
Rad1 e5 22. Qg3 h6 23. Nd5 Qf7 24. Nec3 Rd8 25. Ne3 Qh5 26. h3 Nb4 27. Ng4 Rxd1
28. Rxd1 Rxd1+ 29. Nxd1 Nxa2 30. Nde3 Nc1 31. Qf3 Qe8 32. Qd5 Nd3 33. Nf5 h5 34.
Nd6 Qg6 35. Ne3 Kh7 36. h4 Nf4 37. Qxe5 Nh3+ 38. Kh2 Nxf2 39. b4 Bd3 40. Kg1
Nh3+ 41. Kh2 Nf2 42. Qe7 Qf6 43. Qxf6 gxf6 44. Nd5 Ng4+ 45. Kg3 a5 46. bxa5 bxa5
47. Nc3 Bc2 48. Ndb5 Ne3 49. Kf3 Nc4 50. Nd4 Bg6 51. Kf4 Kg7 52. g4 hxg4 53.
Kxg4 Kh6 54. Kf4 Nb6 55. Nf5+ Kh7 56. Nd6 a4 57. Ndb5 Kh6 58. Na3 Kh5 59. Kg3
Bd3 60. Kf4 Kxh4 61. Ke3 Bg6 62. Kd4 Be8 63. Kc5 Nc8 64. Nc4 Kg5 65. Kb4 f5 66.
Nxa4 Bxa4 67. Kxa4 f4 68. Kb4 Kh4 69. Nd2 Kg3 70. Kc3 Nd6 71. Kd4 Nf5+ 72. Ke4
Kg4 73. Ke5 Ng3 74. Kd4 Kh3 75. Ke5 Ne2 76. Ke4 Kg2 77. Nf3 Kg3 1/2-1/2

[Event "TCh-RUS HL 2019"]
[Site "Sochi RUS"]
[Date "2019.05.05"]
[Round "5.1"]
[Board "3"]
[White "Belyakov, Bogdan"]
[Black "Zakaryan, David"]
[Result "1-0"]
[WhiteTitle "IM"]
[BlackTitle "FM"]
[WhiteElo "2460"]
[BlackElo "2350"]
[WhiteTeam "Yamal (YaNAO)"]
[BlackTeam "Sochi (Krasnodar Territory)"]
[WhiteFideId "24104795"]
[BlackFideId "24101923"]
[EventDate "2019.05.01"]

1. e4 d6 2. d4 Nf6 3. Nc3 g6 4. f4 Bg7 5. Nf3 O-O 6. Be3 c6 7. Bd3 b5 8. e5 Nd5
9. Nxd5 cxd5 10. O-O Qb6 11. Qe1 Nc6 12. c3 b4 13. exd6 bxc3 14. bxc3 Ba6 15.
Bxa6 Qxa6 16. f5 exd6 17. Qh4 Qd3 18. Bh6 f6 19. fxg6 hxg6 20. Rad1 Qe4 21. Qh3
Rf7 22. Rde1 Qd3 23. Re3 Qa6 24. Bxg7 Kxg7 25. Ng5 Rh8 26. Qf3 Qxf1+ 27. Qxf1
fxg5 28. Rf3 Rc7 29. Qe2 Ne7 30. g4 Rb7 31. Qe6 Ng8 32. Qxd6 Re7 33. Qd8 Rh4 34.
h3 Re1+ 35. Kf2 Re7 36. Rf8 Rf7+ 37. Rxf7+ Kxf7 38. Qxd5+ Kg7 39. Kg2 Nf6 40.
Qe6 Nh7 41. Qe5+ Kh6 42. d5 a5 43. d6 a4 44. d7 a3 45. d8=Q Rxh3 46. Kxh3 1-0

[Event "TCh-RUS HL 2019"]
[Site "Sochi RUS"]
[Date "2019.05.05"]
[Round "5.1"]
[Board "4"]
[White "Utnasunov, Alexander"]
[Black "Savitskiy, Sergey"]
[Result "1-0"]
[BlackTitle "IM"]
[WhiteElo "2437"]
[BlackElo "2411"]
[WhiteTeam "Sochi (Krasnodar Territory)"]
[BlackTeam "Yamal (YaNAO)"]
[WhiteFideId "4134524"]
[BlackFideId "24105660"]
[EventDate "2019.05.01"]

1. d4 Nf6 2. c4 g6 3. Nc3 Bg7 4. e4 d6 5. f3 O-O 6. Be3 c5 7. d5 e6 8. Nge2 exd5
9. cxd5 a6 10. a4 Nbd7 11. Ng3 Ne5 12. Be2 h5 13. O-O Bd7 14. Qd2 Rb8 15. Bg5 h4
16. f4 hxg3 17. fxe5 gxh2+ 18. Kh1 dxe5 19. d6 Be6 20. Qe1 Qxd6 21. Rxf6 Rfe8
22. Qh4 Qb6 23. Rb1 Qb4 24. Kxh2 b5 25. axb5 axb5 26. Kg3 Qb3 27. Rh1 Qxb2 28.
Qh7+ Kf8 29. Rf3 f5 30. exf5 1-0

[Event "TCh-RUS HL 2019"]
[Site "Sochi RUS"]
[Date "2019.05.05"]
[Round "5.2"]
[Board "1"]
[White "Rychagov, Andrey"]
[Black "Drygalov, Sergey"]
[Result "1/2-1/2"]
[WhiteTitle "GM"]
[BlackTitle "IM"]
[WhiteElo "2548"]
[BlackElo "2485"]
[WhiteTeam "Botvinnik School (Moscow)"]
[BlackTeam "South Ural (Chelyabinsk region)"]
[WhiteFideId "4119932"]
[BlackFideId "24171743"]
[EventDate "2019.05.01"]

1. d4 d5 2. c4 c6 3. cxd5 cxd5 4. Nf3 Nf6 5. Nc3 Nc6 6. Bf4 Nh5 7. Bd2 Nf6 8.
Bf4 Nh5 9. Bd2 Nf6 10. Bf4 Nh5 1/2-1/2

[Event "TCh-RUS HL 2019"]
[Site "Sochi RUS"]
[Date "2019.05.05"]
[Round "5.2"]
[Board "2"]
[White "Gutenev, Alexander"]
[Black "Novikov, Stanislav"]
[Result "1/2-1/2"]
[WhiteTitle "IM"]
[BlackTitle "GM"]
[WhiteElo "2460"]
[BlackElo "2535"]
[WhiteTeam "South Ural (Chelyabinsk region)"]
[BlackTeam "Botvinnik School (Moscow)"]
[WhiteFideId "4195540"]
[BlackFideId "4125371"]
[EventDate "2019.05.01"]

1. e4 c5 2. Nf3 e6 3. d4 cxd4 4. Nxd4 a6 5. Nc3 Qc7 6. Be2 b5 7. O-O Bb7 8. Re1
Nc6 9. Nxc6 dxc6 10. e5 Ne7 11. Ne4 Nf5 12. Bf4 Rd8 13. Bd3 Be7 14. g4 Nh4 15.
Nd6+ Kf8 16. Nxb7 Qxb7 17. Qe2 g5 18. Bg3 Ng6 19. a4 Kg7 20. Be4 Qb6 21. Qf3 c5
22. axb5 axb5 23. Bb7 Rd7 24. Bc6 Rd2 25. Be4 Rhd8 26. Qe3 R2d4 27. c3 Rd2 28.
Re2 Rxe2 29. Qxe2 c4 30. Rd1 Rxd1+ 31. Qxd1 Qc5 32. Qd7 b4 33. Qc6 Qxc6 34. Bxc6
bxc3 35. bxc3 Bd8 36. Bb5 Ba5 37. Bxc4 Bxc3 38. Bd3 Bxe5 39. Bxg6 Bxg3 40. Bd3
Bd6 1/2-1/2

[Event "TCh-RUS HL 2019"]
[Site "Sochi RUS"]
[Date "2019.05.05"]
[Round "5.2"]
[Board "3"]
[White "Makarian, Rudik"]
[Black "Drygalov, Andrey"]
[Result "1/2-1/2"]
[WhiteTitle "IM"]
[BlackTitle "IM"]
[WhiteElo "2348"]
[BlackElo "2481"]
[WhiteTeam "Botvinnik School (Moscow)"]
[BlackTeam "South Ural (Chelyabinsk region)"]
[WhiteFideId "44105681"]
[BlackFideId "24171735"]
[EventDate "2019.05.01"]

1. c4 e5 2. Nc3 Nf6 3. e3 Nc6 4. a3 g6 5. d3 Bg7 6. Nf3 O-O 7. Be2 d5 8. cxd5
Nxd5 9. O-O Nxc3 10. bxc3 Na5 11. d4 exd4 12. cxd4 c5 13. Rb1 Bf5 14. Rb5 cxd4
15. Nxd4 a6 16. Rxf5 gxf5 17. Bd3 Bxd4 18. exd4 Qxd4 19. Qh5 Qg4 20. Qh6 Rad8
21. Bb2 Qg6 22. Qh3 Qg4 23. Qh6 f6 24. Bc2 Nc4 25. Bxf6 Qg6 26. Qxg6+ hxg6 27.
Bxd8 Rxd8 28. Bb3 b5 29. Rc1 Rd3 30. Bxc4+ bxc4 31. Kf1 Rxa3 32. Rxc4 Ra2 33.
Rc6 Kg7 34. g3 Kf7 35. h4 Kg7 36. Kg2 Ra3 37. Rb6 Kf7 38. Rb7+ Kf6 39. Rb6+ Kf7
40. Rb7+ Kf6 41. Rb6+ Ke5 1/2-1/2

[Event "TCh-RUS HL 2019"]
[Site "Sochi RUS"]
[Date "2019.05.05"]
[Round "5.2"]
[Board "4"]
[White "Kazantsev, Nikita"]
[Black "Yeritsyan, Aram"]
[Result "0-1"]
[BlackTitle "FM"]
[WhiteElo "2197"]
[BlackElo "2299"]
[WhiteTeam "South Ural (Chelyabinsk region)"]
[BlackTeam "Botvinnik School (Moscow)"]
[WhiteFideId "24175633"]
[BlackFideId "34161047"]
[EventDate "2019.05.01"]

1. e4 e5 2. Nf3 Nc6 3. Bb5 a6 4. Ba4 Nge7 5. Nc3 d6 6. O-O Bd7 7. Re1 Ng6 8. d4
Be7 9. dxe5 dxe5 10. Nd5 O-O 11. c3 Re8 12. Be3 Bf8 13. Qe2 b5 14. Bc2 Na5 15.
b3 Rb8 16. Red1 Qc8 17. Bd3 Be6 18. c4 b4 19. Nd2 Nb7 20. c5 Nxc5 21. Bxc5 Bxc5
22. Bxa6 Qd8 23. Nf3 Bxd5 24. exd5 e4 25. Nd4 Nf4 26. Qg4 Qf6 27. Nc6 h5 28. Qg3
Rb6 29. Bf1 e3 30. fxe3 Rxe3 31. Qf2 Nh3+ 32. gxh3 Rg3+ 0-1

[Event "TCh-RUS HL 2019"]
[Site "Sochi RUS"]
[Date "2019.05.05"]
[Round "5.3"]
[Board "1"]
[White "Triapishko, Alexandr"]
[Black "Zakhartsov, Vladimir"]
[Result "1/2-1/2"]
[WhiteTitle "IM"]
[BlackTitle "GM"]
[WhiteElo "2506"]
[BlackElo "2471"]
[WhiteTeam "Krym Nash"]
[BlackTeam "Grandmaster Academy / Chess-trans"]
[WhiteFideId "14122286"]
[BlackFideId "4145097"]
[EventDate "2019.05.01"]

1. e4 c5 2. Nf3 d6 3. d4 Nf6 4. Bb5+ Bd7 5. Bxd7+ Qxd7 6. e5 dxe5 7. dxe5 Qxd1+
8. Kxd1 Ng4 9. Ke2 Nc6 10. Bf4 g5 11. Bxg5 Bg7 12. Nbd2 Ngxe5 13. c3 O-O-O 14.
Nxe5 Bxe5 15. Be3 b6 16. Rad1 Rdg8 17. g3 h5 18. f4 Bc7 19. Nf3 e5 20. fxe5 Nxe5
21. Nxe5 Bxe5 22. Rd5 f6 23. Kf3 Rd8 24. Rxd8+ Kxd8 25. Bf4 Ke7 26. Rd1 Ke6 27.
Ke4 Rg8 28. h3 Bxf4 29. Kxf4 Rg5 30. Re1+ Kf7 31. c4 Rg7 32. Re2 Kg6 33. Re8 Rd7
34. Rg8+ Kf7 35. Ra8 Kg6 36. Rg8+ Kf7 37. Ra8 Kg6 38. Rg8+ Kf7 39. Ra8 Kg6 40.
Rg8+ Kf7 1/2-1/2

[Event "TCh-RUS HL 2019"]
[Site "Sochi RUS"]
[Date "2019.05.05"]
[Round "5.3"]
[Board "2"]
[White "Glek, Igor"]
[Black "Yeletsky, Ivan"]
[Result "0-1"]
[WhiteTitle "GM"]
[BlackTitle "FM"]
[WhiteElo "2464"]
[BlackElo "2422"]
[WhiteTeam "Grandmaster Academy / Chess-trans"]
[BlackTeam "Krym Nash"]
[WhiteFideId "4100484"]
[BlackFideId "24180327"]
[EventDate "2019.05.01"]

1. Nf3 Nf6 2. g3 g6 3. b3 Bg7 4. Bb2 c5 5. Bg2 d6 6. d4 cxd4 7. Nxd4 d5 8. c4
dxc4 9. bxc4 Qb6 10. Nb3 O-O 11. O-O Rd8 12. Qc1 Bd7 13. Nc3 Bc6 14. e4 e6 15.
c5 Qc7 16. Qe3 Na6 17. Rfd1 Rxd1+ 18. Rxd1 Rd8 19. Rd6 Nd7 20. Qd2 Bf8 21. Nd5
exd5 22. exd5 Bb5 23. Rxa6 Bxa6 24. d6 Qc8 25. Qd4 f6 26. Qd5+ Kh8 27. h4 Bg7
28. h5 Ne5 29. f4 Ng4 30. hxg6 hxg6 31. Be4 f5 32. Bxg7+ Kxg7 33. Nd4 Nf6 34.
Ne6+ Kh6 35. Qe5 Nxe4 36. Qg7+ Kh5 37. Qe7 g5 38. Kg2 Rh8 39. d7 Qc6 40. d8=Q
Nf6+ 41. Kg1 Rxd8 42. Nxd8 Qf3 43. Qxf6 Qxg3+ 44. Kh1 Qh3+ 45. Kg1 Qf1+ 46. Kh2
Qxf4+ 47. Kg1 Qg3+ 48. Kh1 Bd3 0-1

[Event "TCh-RUS HL 2019"]
[Site "Sochi RUS"]
[Date "2019.05.05"]
[Round "5.3"]
[Board "3"]
[White "Vastrukhin, Oleg"]
[Black "Golubev, Roman"]
[Result "1-0"]
[BlackTitle "IM"]
[WhiteElo "2404"]
[BlackElo "2378"]
[WhiteTeam "Krym Nash"]
[BlackTeam "Grandmaster Academy / Chess-trans"]
[WhiteFideId "4192770"]
[BlackFideId "14202344"]
[EventDate "2019.05.01"]

1. Nf3 Nf6 2. d4 g6 3. Nc3 d5 4. Bf4 Bg7 5. e3 O-O 6. Be2 c6 7. h4 Bg4 8. Ne5
Bxe2 9. Qxe2 Nbd7 10. O-O-O Nxe5 11. Bxe5 Ne4 12. Nxe4 dxe4 13. Bxg7 Kxg7 14. h5
Qa5 15. Kb1 Rad8 16. Rh4 f5 17. f4 exf3 18. gxf3 g5 19. h6+ Kf6 20. Rh5 Rg8 21.
e4 e6 22. Qe3 f4 23. Qd3 Rg6 24. a3 Kf7 25. Rhh1 Qb5 26. c4 Qa5 27. d5 e5 28.
Qb3 Qb6 29. Qc3 Qc7 30. c5 Qe7 31. Qc4 Kf8 32. Rd3 Rd7 33. Rd2 Rd8 34. d6 Qf7
35. Qc3 Qe6 36. Qa5 Rd7 37. Qxa7 Rxh6 38. Qa8+ Kf7 39. Rxh6 Qxh6 40. Qh8 Qg7 41.
Qc8 Kg6 42. Qe8+ Kf6 43. Rh2 Rf7 44. Qd8+ Kg6 45. Qe8 Kf6 46. Qc8 Kg6 47. Qe6+
Qf6 48. Qe8 Kg7 49. d7 Rf8 50. Rd2 g4 51. fxg4 f3 52. Qxf8+ 1-0

[Event "TCh-RUS HL 2019"]
[Site "Sochi RUS"]
[Date "2019.05.05"]
[Round "5.3"]
[Board "4"]
[White "Gurtovoy, Kamo"]
[Black "Derjabin, Ilja"]
[Result "0-1"]
[BlackTitle "IM"]
[WhiteElo "2278"]
[BlackElo "2345"]
[WhiteTeam "Grandmaster Academy / Chess-trans"]
[BlackTeam "Krym Nash"]
[WhiteFideId "4134060"]
[BlackFideId "14104768"]
[EventDate "2019.05.01"]

1. Nf3 c5 2. c4 Nf6 3. Nc3 g6 4. d4 Bg7 5. e4 O-O 6. Be2 d6 7. O-O Bg4 8. d5
Bxf3 9. Bxf3 Nbd7 10. Bg5 h6 11. Be3 Qb6 12. Rb1 a5 13. Be2 Ne8 14. Qd2 Kh7 15.
h4 Nef6 16. b3 h5 17. f4 Ng8 18. e5 Nh6 19. e6 Nf5 20. Bf2 Qb4 21. Rbc1 Bxc3 22.
Rxc3 Nf6 23. Bf3 fxe6 24. dxe6 Ng4 25. Be1 Nf6 26. a4 Qb6 27. Bf2 Ng4 28. Bxg4
hxg4 29. Qe2 Nh6 30. Be1 Rf5 31. Qd1 Raf8 32. g3 R5f6 33. Re3 Nf5 34. Rd3 Nh6
35. Re3 Nf5 36. Rd3 Nh6 37. Qe2 Rf5 38. Qd1 R5f6 39. Qe2 Rf5 40. Kh2 Rh5 41. Bc3
Nf5 42. Ba1 Nh6 43. Qb2 Rg8 44. Rfd1 Qc6 45. Qc3 b6 46. Rd5 Nf5 47. Qd3 Qc8 48.
Qe2 Qf8 49. Qxg4 Qh6 50. Qf3 Rf8 51. Qe4 Nxg3 52. Kxg3 Rxh4 53. Rg5 Rfxf4 54.
Qxf4 Rxf4 55. Kxf4 Qh4+ 56. Kf3 Qh3+ 57. Kf2 Qh2+ 58. Rg2 Qf4+ 59. Kg1 Qe3+ 60.
Kh1 g5 61. Rd5 g4 62. Rf5 Qxe6 63. Rf4 Qe1+ 64. Kh2 g3+ 65. Kh3 Qxa1 66. Kxg3
Qe5 67. Kg4 Kh6 68. Rg3 Qh5# 0-1

[Event "TCh-RUS HL 2019"]
[Site "Sochi RUS"]
[Date "2019.05.05"]
[Round "5.4"]
[Board "1"]
[White "Gharagyozyan, Artur"]
[Black "Korneev, Oleg"]
[Result "0-1"]
[BlackTitle "GM"]
[WhiteElo "2321"]
[BlackElo "2530"]
[WhiteTeam "Alania (RNO-Alania)"]
[BlackTeam "KPRF (Moscow)"]
[WhiteFideId "13303279"]
[BlackFideId "4156803"]
[EventDate "2019.05.01"]

1. e4 e5 2. Nf3 Nc6 3. Bb5 Nf6 4. d3 Bc5 5. O-O d6 6. c3 O-O 7. h3 Bb6 8. Bg5 h6
9. Bh4 Nb8 10. Nbd2 c6 11. Ba4 Nbd7 12. Nc4 Bc7 13. Ne3 Re8 14. Ng4 Qe7 15. Nfh2
Bd8 16. f4 Qf8 17. Bxf6 Nxf6 18. fxe5 dxe5 19. Nxf6+ Bxf6 20. Bb3 Be6 21. Ng4
Bg5 22. Bxe6 Rxe6 23. Qb3 Qe7 24. Rf3 h5 25. Nh2 Rd8 26. Raf1 Rf6 27. g3 Rxf3
28. Rxf3 b5 29. h4 Bh6 30. Kg2 Rd6 31. Qc2 c5 32. Nf1 Qd7 33. Qe2 a5 34. b3 a4
35. Qc2 axb3 36. axb3 Ra6 37. Rf2 Ra1 38. Qe2 Qg4 39. Rf3 Qe6 40. c4 b4 41. Rf2
Ra3 42. Qd1 Qg4 43. Qb1 Qd7 44. Qd1 Qg4 45. Qb1 f6 46. Nh2 Qd7 47. Nf1 Ra6 48.
Qd1 Qg4 49. Qb1 Rd6 50. Rf3 Qd7 51. Qd1 Qg4 52. Qb1 Kh7 53. Nh2 Qd7 54. Nf1 Ra6
55. Rf2 Qd4 56. Qc2 Rd6 57. Rf3 Qc3 58. Qe2 Rd4 59. Qd1 Qc1 60. Qe2 Qb1 61. g4
hxg4 62. Rg3 Qxb3 63. Qxg4 Qa2+ 64. Kh3 Qa8 65. Nd2 Qd8 66. Qg6+ Kh8 67. Nb3
Rxd3 68. h5 Qd7+ 69. Kg2 Rxg3+ 70. Kxg3 Qd3+ 71. Kg4 Qd1+ 72. Kf5 Qd7# 0-1

[Event "TCh-RUS HL 2019"]
[Site "Sochi RUS"]
[Date "2019.05.05"]
[Round "5.4"]
[Board "2"]
[White "Kornev, Alexei"]
[Black "Taysayev, Timur"]
[Result "1-0"]
[WhiteTitle "GM"]
[WhiteElo "2490"]
[BlackElo "2225"]
[WhiteTeam "KPRF (Moscow)"]
[BlackTeam "Alania (RNO-Alania)"]
[WhiteFideId "4120949"]
[BlackFideId "4114221"]
[EventDate "2019.05.01"]

1. c4 Nf6 2. Nf3 c5 3. Nc3 b6 4. e3 e6 5. d4 cxd4 6. exd4 Bb4 7. Qb3 Na6 8. a3
Be7 9. Be2 O-O 10. O-O Bb7 11. Bf4 d6 12. Rfd1 Qb8 13. Rac1 Rd8 14. Qc2 Nc7 15.
b4 Nce8 16. h3 a6 17. d5 e5 18. Be3 Nd7 19. Ng5 Nef6 20. Bg4 Bc8 21. f4 exf4 22.
Bxf4 Ne5 23. Bxe5 dxe5 24. Bf3 h6 25. d6 Bxd6 26. Bxa8 Qxa8 27. Nge4 Nxe4 28.
Nxe4 Be7 29. Rxd8+ Bxd8 30. Nd6 Be6 31. Qe4 Qb8 32. Qxe5 Bf6 33. Qg3 Bb2 34. Rd1
Bxc4 35. Qf2 Bb3 36. Re1 Qxd6 37. Qxb2 Be6 38. Qe5 Qd2 39. Re3 Kh7 40. Rg3 g6
41. Qe3 Qd1+ 42. Kh2 Qd6 43. Qd3 Qf4 44. Qc3 h5 45. Kg1 a5 46. Rd3 axb4 47. axb4
Qg5 48. Qd2 Qxd2 49. Rxd2 h4 50. Kf2 b5 51. Kf3 g5 52. Rd6 Kg7 53. Ke4 g4 54.
hxg4 Bxg4 55. Kf4 Bc8 56. Rb6 Bd7 57. Kg5 Be8 58. Rd6 f6+ 59. Rxf6 Bf7 60. Rxf7+ 1-0

[Event "TCh-RUS HL 2019"]
[Site "Sochi RUS"]
[Date "2019.05.05"]
[Round "5.4"]
[Board "3"]
[White "Tenikashvili, Georgij"]
[Black "Chernyshov, Konstantin"]
[Result "1/2-1/2"]
[WhiteTitle "FM"]
[BlackTitle "GM"]
[WhiteElo "2361"]
[BlackElo "2461"]
[WhiteTeam "Alania (RNO-Alania)"]
[BlackTeam "KPRF (Moscow)"]
[WhiteFideId "4134605"]
[BlackFideId "4117328"]
[EventDate "2019.05.01"]

1. d4 e6 2. c4 b6 3. e4 Bb7 4. Bd3 Nc6 5. Ne2 Nb4 6. Nbc3 Nxd3+ 7. Qxd3 g6 8.
Be3 Bg7 9. O-O-O d6 10. h4 h5 11. Bg5 Qd7 12. d5 e5 13. Kb1 Nh6 14. f3 Bc8 15.
Rdg1 f6 16. Bxh6 Rxh6 17. g4 hxg4 18. fxg4 Qe7 19. Qf3 Bd7 20. Ng3 O-O-O 21. h5
Be8 22. hxg6 Rxh1 23. Rxh1 Bxg6 24. Nf5 Qd7 25. Ne2 Rh8 26. Rxh8+ Bxh8 27. Qh3
Bg7 28. Neg3 Kb7 29. b3 a6 30. Kb2 Qf7 31. Qh4 a5 32. Qh1 Qf8 33. a3 Qf7 34. b4
axb4 35. axb4 Qf8 36. Kc3 Qa8 37. Kb3 Qf8 38. Kb2 Kb8 39. Kb3 Kb7 40. Qh2 Kb8
41. Qf2 Bh6 42. c5 dxc5 43. bxc5 bxc5 44. Kc4 Bg5 45. Qb2+ Kc8 46. Qa3 Kb7 47.
Qb3+ Kc8 48. Qa4 Kb8 49. Qb5+ Ka7 50. Qd7 Kb8 51. Qb5+ Ka7 52. Qc6 Kb8 53. d6
Qf7+ 54. Kc3 cxd6 55. Nxd6 Qc7 56. Qb5+ Ka7 57. Qa4+ Kb8 58. Qa6 c4 59. Qb5+ Ka7
60. Qa4+ Kb8 61. Qb4+ Ka8 62. Qa4+ Kb8 63. Qb4+ Ka8 64. Qa4+ 1/2-1/2

[Event "TCh-RUS HL 2019"]
[Site "Sochi RUS"]
[Date "2019.05.05"]
[Round "5.4"]
[Board "4"]
[White "Yagupov, Igor"]
[Black "Nazaretyan, Tigran"]
[Result "1-0"]
[WhiteTitle "GM"]
[BlackTitle "FM"]
[WhiteElo "2391"]
[BlackElo "2309"]
[WhiteTeam "KPRF (Moscow)"]
[BlackTeam "Alania (RNO-Alania)"]
[WhiteFideId "4113632"]
[BlackFideId "24162345"]
[EventDate "2019.05.01"]

1. e4 c5 2. Nf3 Nc6 3. d4 cxd4 4. Nxd4 Nf6 5. Nc3 d6 6. Bg5 e6 7. Qd2 a6 8.
O-O-O Bd7 9. f4 b5 10. Bxf6 gxf6 11. Kb1 Qb6 12. Nce2 Qc5 13. h4 b4 14. g4 h6
15. Bg2 a5 16. Nxc6 Bxc6 17. Nd4 Be7 18. g5 hxg5 19. Nxc6 Qxc6 20. e5 d5 21.
exf6 Bxf6 22. fxg5 Bg7 23. h5 Rg8 24. g6 fxg6 25. Qg5 Rc8 26. Rd2 Qd6 27. Re1 d4
28. Bh3 Rc5 29. Qxg6+ Kd8 30. h6 Qf4 31. Qxe6 Kc7 32. Qxg8 Be5 33. Rde2 d3 34.
Qh7+ Kb6 35. Qxd3 Rc3 36. bxc3 bxc3 37. Qe3+ 1-0

[Event "TCh-RUS HL 2019"]
[Site "Sochi RUS"]
[Date "2019.05.05"]
[Round "5.5"]
[Board "1"]
[White "Smirnov, Timofey"]
[Black "Pogromsky, Mikhail"]
[Result "0-1"]
[WhiteTitle "FM"]
[BlackTitle "IM"]
[WhiteElo "2354"]
[BlackElo "2415"]
[WhiteTeam "School for Summer Sports (Moscow"]
[BlackTeam "Polytechnic (Sverdlovsk region)"]
[WhiteFideId "24176427"]
[BlackFideId "4184688"]
[EventDate "2019.05.01"]

1. e4 c5 2. Nf3 a6 3. c4 Nc6 4. d4 cxd4 5. Nxd4 e5 6. Nf5 d6 7. Ne3 g6 8. Nc3
Bg7 9. Ned5 Nf6 10. Nxf6+ Bxf6 11. Bh6 Be6 12. Bd3 Bg5 13. Bxg5 Qxg5 14. O-O Nd4
15. Kh1 O-O 16. Ne2 Nc6 17. f4 exf4 18. Nxf4 Qe5 19. Qd2 Rac8 20. Rad1 Qa5 21.
Qxa5 Nxa5 22. b3 Nc6 23. Be2 Rcd8 24. Rd2 Rd7 25. Rfd1 Rfd8 26. Kg1 Kf8 27. h4
Ne5 28. Kf2 Ke7 29. Ke3 h6 30. Nd3 Nxd3 31. Rxd3 Rc8 32. Rd4 a5 33. R1d2 Rc6 34.
Bf3 Rc5 35. Be2 Rc6 36. Bf3 Rb6 37. Kf4 Rc7 38. e5 g5+ 39. hxg5 hxg5+ 40. Ke4
dxe5 41. Kxe5 f6+ 42. Ke4 a4 43. R4d3 Rb4 44. Kd4 axb3 45. axb3 b5 46. Kc3 Rxb3+
47. Kxb3 bxc4+ 48. Kc3 cxd3+ 49. Kxd3 f5 50. g3 Kf6 51. Ke3 g4 52. Bg2 Ra7 53.
Rb2 Ra3+ 54. Kf2 Bc4 55. Rc2 Bb5 56. Rb2 Bd3 57. Bh1 Ra1 58. Bg2 Ke5 59. Ke3 Ra3
60. Rd2 Bc4+ 61. Kf2 Rc3 62. Bb7 Bd3 63. Ra2 Rb3 64. Ra5+ Kf6 65. Bd5 Rc3 66.
Ra2 Be4 67. Bxe4 fxe4 68. Ra5 Rf3+ 69. Kg2 e3 70. Ra6+ Ke5 71. Ra5+ Kd4 72. Ra4+
Kd3 73. Ra3+ Kc2 74. Ra2+ Kb3 75. Ra8 Rf2+ 76. Kg1 Kc3 77. Ra4 Kd3 78. Rxg4 Rd2
79. Rg8 Rd1+ 80. Kg2 e2 0-1

[Event "TCh-RUS HL 2019"]
[Site "Sochi RUS"]
[Date "2019.05.05"]
[Round "5.5"]
[Board "2"]
[White "Ozgibcev, Anatoly"]
[Black "Tsoi, Dmitry"]
[Result "1/2-1/2"]
[BlackTitle "FM"]
[WhiteElo "2368"]
[BlackElo "2317"]
[WhiteTeam "Polytechnic (Sverdlovsk region)"]
[BlackTeam "School for Summer Sports (Moscow"]
[WhiteFideId "4139704"]
[BlackFideId "24194697"]
[EventDate "2019.05.01"]

1. e4 e5 2. Nf3 d6 3. d4 exd4 4. Nxd4 Nf6 5. Nc3 Be7 6. Bc4 O-O 7. O-O Nc6 8.
Bf4 Bd7 9. Nxc6 Bxc6 10. e5 dxe5 11. Bxe5 Nd7 12. Bd4 Bf6 13. Bxf6 Qxf6 14. Bd5
Rad8 15. Bxc6 Qxc6 16. Qh5 Nf6 17. Qb5 Qxb5 18. Nxb5 Rd2 19. Rac1 Ne4 20. f3 Nc5
21. Rfd1 Rfd8 22. Rxd2 Rxd2 23. Nc3 h5 24. Nb1 Rd6 25. Nc3 Rb6 26. b3 Ne6 27.
Nd5 Ra6 28. a4 Ra5 29. Rd1 Rc5 30. Rd2 a5 31. Ne3 c6 32. Nc4 h4 33. Kf2 Nf4 34.
Rd8+ Kh7 35. Rd7 b5 36. axb5 cxb5 37. Ne3 f6 38. Ra7 Nd5 39. Nxd5 Rxd5 40. Rxa5
Rd2+ 41. Kf1 Rxc2 42. Rxb5 Kh6 43. h3 Rb2 44. Rb4 Kh5 45. Rg4 Rb1+ 46. Kf2 Rb2+
47. Kg1 Rb1+ 48. Kh2 g6 49. Rb4 Kg5 50. Rg4+ Kh5 51. Rf4 Kg5 52. Rb4 Rb2 53.
Rb5+ f5 54. Rb4 f4 55. Rb8 Rb1 56. Rb6 Kf5 57. Rb5+ Kf6 58. b4 g5 59. Rb7 Kg6
60. b5 Kf6 61. Rb6+ Kg7 62. Rb8 Kh7 63. b6 Kg7 64. Rb7+ Kg6 65. Rb8 Kf5 1/2-1/2

[Event "TCh-RUS HL 2019"]
[Site "Sochi RUS"]
[Date "2019.05.05"]
[Round "5.5"]
[Board "3"]
[White "Ter-Saakian, Grigorii"]
[Black "Dilmukhametov, Artur"]
[Result "1/2-1/2"]
[WhiteElo "2177"]
[BlackElo "2353"]
[WhiteTeam "School for Summer Sports (Moscow"]
[BlackTeam "Polytechnic (Sverdlovsk region)"]
[WhiteFideId "34136204"]
[BlackFideId "24179922"]
[EventDate "2019.05.01"]

1. e4 e6 2. d4 d5 3. exd5 exd5 4. Bd3 c5 5. dxc5 Bxc5 6. Nf3 Nf6 7. O-O O-O 8.
Bg5 h6 9. Bh4 Nc6 10. Nc3 Be6 11. Qd2 d4 12. Ne4 Be7 13. Nxf6+ Bxf6 14. Bxf6
Qxf6 15. Rfe1 Rfd8 16. Re4 Rd6 17. a3 Qd8 18. Rae1 Bd5 19. Rf4 g5 20. Rf5 Be6
21. Rb5 a6 22. Rxb7 Bc8 23. Rb3 Be6 24. Rb7 Bc8 25. Rb3 Be6 26. Rb7 1/2-1/2

[Event "TCh-RUS HL 2019"]
[Site "Sochi RUS"]
[Date "2019.05.05"]
[Round "5.5"]
[Board "4"]
[White "Inozemtsev, Sergei"]
[Black "Frolov, Aleksey G."]
[Result "1-0"]
[WhiteElo "2310"]
[BlackElo "2073"]
[WhiteTeam "Polytechnic (Sverdlovsk region)"]
[BlackTeam "School for Summer Sports (Moscow"]
[WhiteFideId "24129690"]
[BlackFideId "34106500"]
[EventDate "2019.05.01"]

1. e4 e5 2. Nf3 Nc6 3. Bb5 a6 4. Ba4 b5 5. Bb3 Na5 6. O-O d6 7. d4 exd4 8. Nxd4
c5 9. Bd5 Ra7 10. Nb3 Nxb3 11. axb3 Nf6 12. Bg5 Be7 13. Bxf6 Bxf6 14. Bc6+ Kf8
15. Bxb5 Bxb2 16. Ra2 Bf6 17. Qd3 Qb6 18. Bc4 g6 19. Nc3 Be6 20. Ne2 Bxc4 21.
Qxc4 Kg7 22. Nf4 a5 23. Nd5 Qd8 24. Rd1 Re8 25. g3 Kg8 26. Kg2 Bg7 27. Ra4 Qd7
28. Qd3 Qc6 29. Qf3 Raa8 30. e5 Kh8 31. exd6 Qxd6 32. Rf4 f5 33. Rc4 Qc6 34. Nf4
Re4 35. h4 Rc8 36. Ra4 Be5 37. Nd5 Rxa4 38. bxa4 Rd8 39. c4 Qxa4 40. Qe2 Bg7 41.
Re1 Qc6 42. h5 f4 43. Qe7 Rf8 44. Re6 f3+ 45. Kh2 Qa4 46. Qxc5 Qc2 47. h6 Bxh6
48. Rf6 Re8 49. Rxf3 Qe2 50. Kg2 Bg7 51. Rf7 Qe4+ 52. Kh2 Qd4 53. Qc6 Rf8 54.
Rxf8+ Bxf8 55. Kg1 Qc5 56. Qe8 Qd6 57. Qf7 Bg7 58. Qa7 Qd8 59. Nf4 Bc3 60. Qe3
Bf6 61. Qe6 Bd4 62. Qe4 Qf6 63. Qa8+ Kg7 64. Qxa5 Bxf2+ 65. Kxf2 g5 66. Qxg5+
Qxg5 67. Ne6+ Kf6 68. Nxg5 1-0